| 000 | 00540nam a2200181Ia 4500 | ||
|---|---|---|---|
| 008 | 151202s9999||||xx |||||||||||||| ||und|| | ||
| 082 | _bPNVM-30144 | ||
| 100 | _aजोशी व.कृ. | ||
| 245 | _aपोलिसकथा. | ||
| 260 | _b"मेहता पब्लिशिंग हाऊस, पुणे." | ||
| 260 | _c2004 | ||
| 300 | _a200 | ||
| 600 | _aजोशी व.कृ. | ||
| 630 | _aपोलिसकथा. | ||
| 700 | _aजोशी व.कृ. | ||
| 730 | _aपोलिसकथा. | ||
| 942 | _cBOOK | ||
| 999 |
_c1296107 _d1296104 |
||